| 000 | 00493cam a2200193ua 4500 | ||
|---|---|---|---|
| 020 | _c32.00 | ||
| 041 |
_aeng _h |
||
| 082 |
_a362.2 _bREN/ME |
||
| 100 | _aRennie, Thomas.A.C . | ||
| 245 |
_aMental health in modern society / _cA.C.Thomas Rennie. _hTextual Documents |
||
| 250 |
_a1 / _b. |
||
| 260 |
_aNewyork : _bThe commonwealth fund , _c1948. |
||
| 300 | _a424 ; . | ||
| 365 | _a32.00 | ||
| 504 | _a | ||
| 700 | 1 | _aWoodward, Luther.E . | |
| 942 | _cBK | ||
| 999 |
_c2123 _d2123 |
||